| Поле | Название | Значение |
| |
Тип записи |
i |
| |
Библиографический уровень |
m |
| 001 |
Контрольный номер |
RU/IS/BASE/418756487 |
| 005 |
Дата корректировки |
20250218115359.2 |
| 010 |
Индекс ISBN |
__ |
| d |
Цена |
437-89 |
| 101 |
Язык документа |
1_ |
| a |
Язык текста |
rus |
| c |
Язык оригинала |
eng |
| 200 |
Заглавие и сведения об ответственности |
1_ |
| a |
Заглавие |
Седьмой свиток |
| e |
Сведения, относящиеся к заглавию |
[роман : аудиокнига] |
| f |
Первые сведения об ответственности |
Уилбур Смит ; [читает Геннадий Смирнов ; пер. с англ. М. Рыжковой] |
| b |
Общее обозначение материала |
Звукозапись |
| 210 |
Выходные данные |
1_ |
| a |
Место издания |
М. |
| c |
Издательство |
Аудиокнига |
| d |
Дата издания |
2010 |
| 215 |
Физическое описание |
__ |
| a |
Объем |
2 электрон. опт. диска (Audio CD) (20 ч.) |
| 300 |
Общие примечания |
__ |
| a |
Общие примечания |
CD-плеер ; MP3 ; Windows 9x-XP ; CD-ROM ; звуковая карта ; 128 kbps |
| 323 |
Примечание о главных создателях, исполнителях, участниках |
__ |
| a |
Примечание о главных создателях, исполнителях, участниках |
Смирнов, Г. (читает) |
| 330 |
Аннотация |
__ |
| a |
Аннотация |
Убит знаменитый египтолог, недавно обнаруживший в древней гробнице супруги фараона Мамоса VIII свитки пергамента, хранящие информацию о последнем приюте владыки Египта. Вдове убитого ясно - гибель мужа связана с последним, седьмым, свитком, и ей придется раскрыть эту тайну, чтобы не оказаться очередной жертвой безжалостного убийцы. В отчаянии она обращается за помощью к богатому английскому археологу-любителю и авантюристу Николасу Куэнтон-Харперу. Охота за сокровищами фараона-изгнанника начинается! |
| 333 |
Примечание о целевом назначении |
__ |
| a |
Примечание о целевом назначении |
16+. Для детей старше 16 лет |
| 606 |
Тематические рубрики |
__ |
| a |
Основная рубрика |
Художественная литература |
| 606 |
Тематические рубрики |
__ |
| a |
Основная рубрика |
Литература Европы (произведения) |
| 606 |
Тематические рубрики |
__ |
| a |
Основная рубрика |
Литература Африки (произведения) |
| y |
Географическая подрубрика |
Великобритания; ЮАР |
| 610 |
Ключевые слова |
0_ |
| a |
Ключевые слова |
зарубежная литература; иностранная литература; английская литература; южноафриканская литература; романы; тема приключений; детективы; интеллектуальные детективы; приключения; тема расследований; тема археологии; остросюжетные романы |
| 686 |
Индексы других классификаций |
__ |
| a |
Классификационный индекс |
84(6Южн)6-445я04 |
| 686 |
Индексы других классификаций |
__ |
| a |
Классификационный индекс |
84(4Вел)6-445я04 |
| 700 |
Автор |
_1 |
| a |
Фамилия |
Смит |
| b |
Имя |
У. |
| f |
Даты |
1933- |
| g |
Полное личное имя |
Уилбур |
| 4 |
Код отношения |
070 |
| 702 |
Вторичная интеллектуальная ответственность |
_1 |
| a |
Фамилия |
Рыжкова |
| b |
Имя |
М. |
| 4 |
Код отношения |
Переводчик |
| 4 |
Код отношения |
730 |
| 801 |
Источник записи |
_0 |
| a |
Страна |
RU |
| b |
Организация |
Муниципальное бюджетное учреждение культуры "Централизованная библиотечная система" г. Сургут (Центральная городская библиотека им. А. С. Пушкина) |
| g |
Правила каталогизации |
КиК/Апакова |
| 801 |
Источник записи |
_1 |
| a |
Страна |
RU |
| b |
Организация |
Муниципальное бюджетное учреждение культуры "Централизованная библиотечная система" г. Сургут (Центральная городская библиотека им. А. С. Пушкина) |
| g |
Правила каталогизации |
КиК/Апакова |
| 852 |
Данные о местонахождении |
__ |
| j |
Шифр хранения |
84(6Южн)6-445я04 |
| i |
Авторский знак |
С 50 |
| 901 |
Тип документа |
__ |
| t |
Тип документа |
0 |
| 903 |
Характеристики (МАРС) |
__ |
| a |
Дата передачи |
20130408 |
| 969 |
Тип издания |
__ |
| a |
Тип издания |
аудиокнига; издание для слепых |
| 990 |
Данные о заказе (DOS) |
__ |
| j |
Количество экземпляров (DOS) |
6 |
| h |
N записи в КСУ для Б/У (DOS) |
201304 |